Las cien mejores poesías

Spremljeno u:
Bibliografski detalji
Glavni autor: Menéndez y Pelayo, Marcelino, comp
Format: Knjiga
Jezik:Undetermined
Izdano: Buenos Aires, Argentina Sopena 1967
Izdanje:6
Teme:
Oznake: Dodaj oznaku
Bez oznaka, Budi prvi tko označuje ovaj zapis!

MARC

LEADER 00000nam a2200000Ia 4500
008 170316s9999 xx 000 0 und d
040 |a cru BVZT 
090 |a 862 M-37c 
100 |a Menéndez y Pelayo, Marcelino, comp. 
245 |a Las cien mejores poesías 
250 |a 6 
260 |a Buenos Aires, Argentina 
260 |b Sopena 
260 |c 1967 
300 |a 237 páginas 
650 |a LITERATURA ESPAÑOLA 
650 |a POESÍA LÌRICA 
942 |c 15 D 
999 |c 10155  |d 10155